02444cam a22003971 4500001001300000003000400013005001700017008004100034010001700075035001900092040002100111043001200132050002200144051002600166100005100192245008200243260004800325300013700373490004100510500013800551500032200689504002901011505057001040650004101610650002601651700004501677700004701722700004401769700003201813700003001845700004501875700004901920700003601969700002402005999001702029gs 34000128 DLC20260227111338.0800625s1933 dcuabf b f001 0 eng  ags 34000128  a(OCoLC)6459034 aDLCcICharEdDLC an-us-ak00aQE75b.B9 no. 849 aTN24.A4bS56cCopy 2.1 aSmith, Philip S.q(Philip Sidney),d1877-1949.10aInvestigations in Alaska railroad belt, 1931,cby Philip S. Smith and others. aWashington,bU.S. Govt. Print. Off.,c1933. av, 530 p.bincl. illus., maps, plans, tables, diagrs., profiles, 36 pl. (part col., part fold., incl. maps, plans, profiles)c24 cm.0 aU.S. Geological survey. Bulletin 849 aAt head of title: United States Department of the Interior. Harold L. Ickes, Secretary. Geological survey, W.C. Mendenhall, director. aEach chapter is issued separately as 849A-849I, with special title-page, table of contents and the general foreword. The general title-page and table of contents was issued at end of 849I. The special title-pages and tables of contents of 849A-849I and the general foreword of 849B-849I are not included in collation. aIncludes bibliographies.0 aForeword, by P.S. Smith.--Progress of surveys in the anthracite ridge district, by R.W. Richards and G.A. Waring.--Lode deposits of the Fairbanks district, by J.M. Hill.--The Willow creek gold lode district, by J.C. Ray.--The Mount Eielson district, by J.C. Reed.--Mineral deposits near the west fork of the Chulitna river, by C.P. Ross.--Lode deposits of Eureka and vicinity, Kantishna district, by F.G. Wells,--The Girdwood district, by C.F. Park, Jr.--The Valdez creek mining district, by C.P. Ross.--The Moose Pass-Hope district, Kenai peninsula, by Ralph Tuck. 0aMines and mineral resourceszAlaska. 0aOre depositszAlaska.1 aRichards, R. W.q(Ralph Webster),d1879-1 aWaring, Gerald A.q(Gerald Ashley),d1883-1 aHill, James M.q(James Madison),d1884-1 aRay, James Chandler,d1882-1 aReed, John Calvin,d1905-1 aRoss, Clyde P.q(Clyde Polhemus),d1891-1 aWells, Francis G.q(Francis Gerritt),d1898-1 aPark, Charles Frederick,d1903-1 aTuck, Ralph,d1904- c27101d27101